| 000 | 00691cab a2200229 4500 | ||
|---|---|---|---|
| 001 | ABS43202 | ||
| 008 | 090401t1990 xxu||||| |||| 00| 0 eng d | ||
| 035 | _a(Sirsi) u40771 | ||
| 041 | _aeng | ||
| 100 | _aRoseman, J. | ||
| 245 | _aBang goes the housing boom | ||
| 260 | _c1990 | ||
| 350 | _a0 | ||
| 490 |
_aAccountancy Age _v106 (1164) August 1990, 36-37 (2) |
||
| 520 | _aDiscusses falling house prices , rising mortgage rates and the effects on home ownership. | ||
| 650 | _aNATIONWIDE ANGLIA HOUSE PRICE INDEX | ||
| 650 | _aNORTH-SOUTH DIVIDE | ||
| 650 | _aSLUMP | ||
| 690 | _aPROPERTY-RESIDENTIAL PROPERTY-RESIDENTIAL PROPERTY MARKET | ||
| 942 | _n0 | ||
| 948 | _c04/03/1997 | ||
| 999 |
_c26129 _d26129 |
||